Регионална библиотека "Любен Каравелов" - Русе

Момичето в кулата : Кн. 2 (Запис номер 328638)

MARC детайли
000 -Лидер
Контролно поле с фиксирана дължина 01167nam a2200337 a 4500
003 - Код на организацията, давaща контролен номер
Контролно поле BLK
005 - Дата и час на последна редакция
Контролно поле 20250414160915.0
008 - Елементи от данни с фиксирана дължина
fixed length control field 190201b bu ||||gr|||| 00| 0 bu d
020 ## - Международен стандартен номер на книга ISBN
Международен стандартен номер на книга ISBN 9786191710638
040 ## - Източник на каталожния запис
Идентификатор на билиотеката - собственик на записа BLK
041 ## - Код за език
Код за езика на текст/звукозапис или на отделно заглавие Български
Код за езика КДБФ Български
080 ## - УДК
Текстов определител УДК Американска литература (на САЩ)
УДК код - определител по УДК 821.111(73)
УДК определител -312.9
УДК - код + определител 821.111(73)-312.9
100 ## - Редна дума - Автор
R(LIN) 350684
Автор Арден, Катрин
Авторска отговорност първи автор
139 ## - Редно поле
Редна дума Арден, Катрин
Авторски знак Арг - А 82
240 ## - Унифицирано заглавие
Унифицирано заглавие The girl in the tower
245 ## - Сведения за заглавието
Заглавие Момичето в кулата : Кн. 2
250 ## - Област на изданието
Сведения за изданието Кн. 2 от трилогия
260 ## - Област на издателските данни
9 (RLIN) 218251
Място на издаване, разпространение и проч. София
Име на издателя, разпространителя и проч. Orange Books
Година на издаване 2018
Печатница Pulsio Print
Дата на отпечатване 2018
300 ## - Физическа характеристика
Страници 406 с.
Размери/Мащаб 24 см
380 ## - Жанр
Жанр Худож. лит.
490 ## - СЕРИИ (Колекции)
Име на серия Winternight
500 ## - Общи забележки
Забележка Ориг. загл.: The girl in the tower / Katherine Arden<br/>За авторката: с. 405
653 #7 - Ключова дума – ненормативна
9 (RLIN) 195710
Ключова дума Роман
700 ## - Други автори (авторска отговорност)
Лично име Ангелов, Ангел Пенчев
Дати, свързани с автора 1968-
9 (RLIN) 379977
852 ## - Местоположение
Форматна сигнатура Цб 293117
999 ## - СИСТЕМНИ КОНТРОЛНИ НОМЕРА
Koha biblionumber 328638
Koha biblioitemnumber 328638
942 ## - АРТИКУЛИ
Вид на библиотечния материал Книги
Скрит в OPAC Не
Koha issues (borrowed), all copies 14
Периодичен библиозапис Да
944 ## - СЪЗДАВАНЕ И РЕДАКЦИЯ на ЗАПИСА
Създаване/Редакция Създаване
Дата на регистрацията/редакция 2019-02-01
Служител, извършил регистрацията/редакцията 30542
Статус, дата на статуса Русанова Ирена
999 ## - СИСТЕМНИ КОНТРОЛНИ НОМЕРА
Koha biblioitemnumber 328638
999 ## - СИСТЕМНИ КОНТРОЛНИ НОМЕРА
Koha biblioitemnumber 328638
999 ## - СИСТЕМНИ КОНТРОЛНИ НОМЕРА
Koha biblioitemnumber 328638
Наличности
Код за отписване Код за изгубен артикул Източник на класификационната схема Код за повреда Коз за рестрикции Код за отдаване Артикулен № Име на библиотеката - собственик Име на библиотеката, в която се намира в момента Статус (Текущо местоположение) Дата на вписване в системата Местоположение - отдел Цена в лева Систематично азбучна сигнатура Баркод Цена в евро Служебен тип на артикула
  Не е изгубен Universal Decimal Classification Не е повреден без рестрикции ползва се в читалня 689199 Регионална библиотека "Любен Каравелов" Русе Регионална библиотека "Любен Каравелов" Русе Хранилище 2019-02-12 Хранилище 21.90 Цб 293117 120000829260 11.20 Книги
  Не е изгубен Universal Decimal Classification Не е повреден без рестрикции заемане за дома 751264 Регионална библиотека "Любен Каравелов" Русе Регионална библиотека "Любен Каравелов" Русе Заемна - подръчен фонд 2019-12-06 Заемна - подръчен фонд 16.42 П 820(73)-31/А 82 120000839499 8.40 Книги
Vip Innovations Ltd, Rousse, Bulgaria 2025